Μοντερνισμός και Βυζάντιο
Αποθηκεύτηκε σε:
| Κύριος συγγραφέας: | |
|---|---|
| Μορφή: | Βιβλίο |
| Γλώσσα: | Greek |
| Δημοσίευση: |
Αθήνα :
Ιδρυμα Γουλανδρή-Χορν,
1992
|
| Σειρά: | Οψεις της βυζαντινής κοινωνίας ;
; 1 |
| Θέματα: | |
| Ετικέτες: |
Προσθήκη ετικέτας
Δεν υπάρχουν, Καταχωρήστε ετικέτα πρώτοι!
|
MARC
| LEADER | 00000cam a2200000 i 4500 | ||
|---|---|---|---|
| 001 | 1/99922 | ||
| 008 | 950406s1992 gr | ||| |||| ||gre|| | ||
| 020 | |a 9607079051 | ||
| 035 | |l 10011494 | ||
| 040 | |a GR-MY-UA |b gre |e aacr | ||
| 041 | 0 | |a gre | |
| 082 | 0 | |a 938.302 | |
| 100 | 1 | |a Γλύκατζη-Ahrweiler, Ελένη |d 1926- | |
| 245 | 1 | 0 | |a Μοντερνισμός και Βυζάντιο / |c Ελένη Αρβελέρ |
| 260 | |a Αθήνα : |b Ιδρυμα Γουλανδρή-Χορν, |c 1992 | ||
| 300 | |a 32 σ. | ||
| 490 | 1 | |a Οψεις της βυζαντινής κοινωνίας |v ; 1 | |
| 651 | 0 | |a Byzantine Empire |x Religious life and customs. | |
| 830 | 0 | |a Οψεις της βυζαντινής κοινωνίας ; |v ; 1 | |
| 852 | |a INST |b LESVOS |e 19950406 |h 938.302 ΓΛΥ |p 005100006407 |q 005100006407 |t BK |y 0 | ||
| 909 | |a Λ |b 035325 | ||